| 000 | 00568nam a2200157 a 4500 | ||
|---|---|---|---|
| 001 | 000027844 | ||
| 005 | 20240305081128.0 | ||
| 008 | 110405s1989 dr 000 0 spa d | ||
| 040 |
_aDO-SdBNP _bspa _cBNPHU |
||
| 082 |
_axxx _bH731i |
||
| 100 | 1 |
_aHolguín Veras, Miguel A., _d1927-2007 _913921 |
|
| 245 | 1 | 0 |
_aÍndice comentado del boletín del archivo general de la nación : _bboletines del no. 1 al no. 100 / _cMiguel A Holguín Veras. |
| 260 |
_a[Santo Domingo] : _b[s. n.], _c1989. _fImpresora Industria del Sobre |
||
| 300 |
_axii, 273 p. ; _c21 cm. |
||
| 049 | _aBNPD | ||
| 999 |
_c27336 _d27336 |
||